|
|
|
|
| LEADER |
00000nab a2200000 4500 |
| 001 |
vtls008694242 |
| 003 |
SK-MaSNL |
| 005 |
20260304213112.0 |
| 008 |
250505 1952 xo p 000 0 slo |
| 015 |
|
|
|a SNBRRBDKK190120XX
|
| 035 |
|
|
|a (urnnbn)urn:nbn:sk:snk:ar-006a0g
|
| 035 |
|
|
|a urn:nbn:sk:snk-abbzv6
|
| 035 |
|
|
|a (uuid)eb05dbfb-fc2d-40fd-9974-1ef5014a26ae
|
| 040 |
|
|
|a SNKBUCL
|b slo
|c SNKBUCL
|e AACR2
|
| 041 |
0 |
|
|a slo
|
| 044 |
|
|
|a xo
|c SK
|
| 080 |
|
|
|a 027.5
|2 1997
|
| 100 |
1 |
|
|a Irmler, Ján,
|d 1913-1974
|4 aut
|9 10550
|
| 245 |
1 |
0 |
|a Osvetová práca ružomberskej a senickej knižnice
|c Ján Irmler
|
| 520 |
2 |
|
|a Podrobná správa o činnosti okresných ľudových knižníc v Ružomberku a v Senici so štatistickými údajmi o obyvateľoch, čitateľoch, knižničných fondoch uvádza aj návrhy na zlepšenie práce
|
| 650 |
0 |
7 |
|a ľudové knižnice
|2 SNKPH
|9 256791
|
| 651 |
|
7 |
|a Ružomberok (Slovensko)
|2 SNKPHgeo
|9 24370
|
| 651 |
|
7 |
|a Senica (Slovensko)
|2 SNKPHgeo
|9 25102
|
| 773 |
0 |
|
|t Čitateľ : mesačník pre prácu s čitateľmi
|g Roč. 1, č. 3-4 (1952), s. 115-119
|
| 850 |
|
|
|a Slovenská národná knižnica
|
| 852 |
|
|
|a Slovenská národná knižnica
|
| 856 |
4 |
1 |
|u http://www.viks.sk/dkk/citatel1952_115_119.doc
|y plný text
|
| 910 |
|
|
|a bdkk
|a memoriask
|
| 954 |
|
|
|a odborná, vedecká literatúra pôvodná (slovenská)
|2 lita
|
| 958 |
|
|
|a article15
|
| 958 |
|
|
|a OND
|
| 958 |
|
|
|a EUIPO
|
| 999 |
|
|
|c 3134331
|d 3136261
|